000 01040nam a2200313Ia 4500
003 OSt
005 20221007125639.0
006 a|||||r|||| 00| 0
007 ta
008 221006b |||||||| |||| 00| 0 eng d
020 _a 0306462451 (Pt B(pbk))
020 _a0-306-46243-5 (Pt A(pbk))
_cRs.4302.62
024 _a20042
037 _b200, 30/03/2006, Dhanraj Book House
_cTextual
040 _aCDL
_cCDL
_beng
041 _2eng
_aeng
082 _aE5, M3;P0.1;7 M3;P0.2;4 Carc
100 _aCarey Francis A
_9615084
245 0 _aAdvanced organic chemistry
_b Sundberg Richard J
250 _a4
260 _aNew
_bYork Springer Science+Business Media.Inc,.
_c2000
490 _vPt A
650 _a Organic chemistry
650 _a Reaction mechanism
650 _aChemistry
700 _a Sundberg Richard J
_9615085
942 _hE5, M3;P0.1;7 M3;P0.2;4 Carc
_cTEXL
_2CC
999 _c1215647
_d1215647